| 000 | 004950000a22001690004500 | ||
|---|---|---|---|
| 090 |
_aAR _b00175 |
||
| 245 | 1 | 0 | _aStatus und schutzproblematik der askulapnatter (<Elaphe longissima>) |
| 650 | 1 | 4 |
_aEstatus _993054 |
| 650 | 1 | 4 |
_aReptiles _992767 |
| 650 | 1 | 4 |
_aFauna _992594 |
| 650 | 1 | 4 |
_aEcología de poblaciones _93557 |
| 653 |
_gElaphe _eElaphe longissima |
||
| 041 | 0 | _aAlemán | |
| 100 | 1 |
_aKlemmer, Konrad _993050 |
|
| 942 | _cARTICULO | ||
| 773 | 1 |
_tNatur und Ladschaft _382 _h9 _q351-353 _d1985 _g60 |
|
| 999 |
_c9276 _d9276 |
||